000 00764nab a2200241 4500
003 BR-BrBNA
005 20251104150052.0
008 251104b bl.||||| |||| 00| 0 por d
040 _aBR-BrBNA
_bpor
072 _aK10 ; Q02 ;E13 ; E70
_b2110 ; 9917
100 _aPontes, Alécia
245 _aHora de faturar
_bAgronegócios
500 _a2 illus.
650 _aCACAU
650 _aCOLHEITA
650 _aINVESTIMENTO
650 _aPROCESSAMENTO
650 _aCHOCOLATE
650 _aCOMERCIALIZAÇÃO
773 0 _01706
_9347999
_dSão Paulo-SP Editora Três Ltda - E-mail: luizfsa@revistadinheiro.com.br 2004
_o2025-0494
_tDinheiro Rural (Brazil)
_x1807-3700
_gv. 8(90) p. 86-88; (Apr 2012)
_wBR2025004635
942 _cANA
999 _c338938
_d338938